[Event "ICS unrated blitz match"]
[Site "204.178.125.65"]
[Date "1999.11.21"]
[Round "?"]
[White "Yobes"]
[Black "Hossa"]
[Result "1-0"]
[WhiteElo "1891"]
[BlackElo "2319"]
[Annotator "Hiarcs 7.32 (22s)"]
[PlyCount "76"]
[EventDate "1999.??.??"]

1. e4 1... e6 {Opening = C00 - 2.---} 2. d4 a6 3. Nf3 3... d6 $16 {Staerkt e5}
(3... b5 4. a4 (4. Bd3 Bb7 (4... c5 5. dxc5 Bxc5 6. c4 Nf6 7. cxb5 axb5 8. O-O
Bb7 9. e5 Ng4 10. h3 Nh6 11. Bxh6 gxh6 12. Bxb5 Rg8 13. Qd3 Nc6 14. Qxh7 Rg6
15. Bd3 Nxe5 16. Qh8+ Ke7 17. Qxe5 Bd6 18. Qe3 Rxg2+ 19. Kxg2 Qa5 20. Bh7 Rh8
21. Be4 Rg8+ 22. Kh1 Qh5 23. Nh4 Qe5 24. Nf5+ exf5 25. Bxb7 {
1-0 Comp Mephisto Portorose-Borsos,B/Dortmund 1990/EXT 90op (25)}) 5. c3 c5 6.
Nbd2 Nf6 7. Qe2 cxd4 8. cxd4 Nc6 9. O-O Be7 10. Re1 Nb4 11. Bb1 Rc8 12. Nf1 Qc7
13. Bd2 Qc4 14. Qd1 d5 15. e5 Ne4 16. a3 Nc2 17. Ne3 Nxe3 18. Bxe3 h6 19. Re2
Qc7 20. Ne1 Qd7 21. Nd3 Rc4 22. f3 Ng5 23. b3 Rc7 24. Bd2 Qc6 25. Ba5 Rc8 26.
Rc2 Qd7 27. Bb4 Bxb4 28. axb4 Rc6 29. Raa2 Nh7 30. Nc5 Qc8 31. Qc1 O-O 32. Nxb7
Rxc2 33. Qxc2 {1-0 Lemmers,O-Dam,R/Leeuwarden op 1993/TD 93\09 (33)}) (4. Be3
Bb7 5. Nbd2 Nf6 6. Bd3 Nc6 7. h3 Nb4 8. O-O Rc8 9. Bg5 h6 10. Bxf6 gxf6 11. Be2
c5 12. c3 Nc6 13. a4 b4 14. d5 Ne5 15. Nxe5 fxe5 16. Nc4 exd5 17. exd5 Qg5 18.
f4 exf4 19. Bf3 Be7 20. d6 Bxf3 21. Qxf3 Bf6 22. Rae1+ Kf8 23. Re4 bxc3 24.
Rxf4 Bg7 25. Rg4 Qh5 26. bxc3 Rg8 27. Rxg7 {
1-0 Gyugyi,P-Rabovszky,G/Balatonbereny opB 1996/EXP 53 (27)}) 4... b4 5. Bd3
Bb7 6. O-O Nf6 7. Re1 Be7 8. c3 d5 9. e5 Nfd7 10. cxb4 Bxb4 11. Bd2 Bxd2 12.
Nbxd2 c5 13. Qc2 Nc6 14. dxc5 Nb4 15. Qc3 Nxd3 16. Qxd3 Nxc5 17. Qa3 Qe7 18.
Rec1 {Del Rio,R-Heider,O/OLHessen 1992/GER 02/1/2-1/2 (31)}) (3... Nf6 4. Bd3
Be7 5. O-O d6 6. Nbd2 Nc6 7. a4 O-O 8. c3 e5 9. Qc2 Bg4 10. b3 Qd7 11. Bb2 Nh5
12. Rfe1 Nf4 13. Bf1 {
1/2-1/2 Burshaid,L-Sammut,R/Novi Sad olm 1990/TD 90\06 (13)}) (3... d5 4. e5
$14) 4. Nc3 Nf6 5. Bd3 Be7 6. O-O O-O 7. Qe2 Nc6 8. e5 Nd5 9. Bd2 Ndb4 10. Be4
d5 11. Bxh7+ Kxh7 12. a3 Nxc2 13. Qd3+ Kg8 14. Qxc2 14... f6 {Deckt g5} 15. Bf4
fxe5 16. Bxe5 Bd6 17. Qg6 Bxe5 18. dxe5 Rxf3 19. gxf3 Nxe5 20. Qh5 Nd3 21. b4
Nf4 22. Qe5 22... Qh4 $14 (22... Qd6 $5 23. Rfe1 23... Bd7 $11) 23. Kh1 Nd3 24.
Qxc7 24... Nxf2+ $16 (24... Qf6 25. f4 {
Weiss kann das gewonnene Material nicht behalten} 25... Nxf4 $14) 25. Kg1 Nh3+
26. Kg2 Nf4+ 27. Kh1 27... Qg5 $2 $18 (27... b5 $5 $16 $142) 28. Rg1 Qf6 29.
Rxg7+ 29... Qxg7 {Es droht Matt} 30. Qxf4 30... e5 $2 (30... Qxc3 $142 31. Rg1+
31... Qg7 $18) 31. Qh4 d4 32. Nd5 Be6 33. Nb6 33... Bg4 {fuer Schwarz fuehrt
kein Weg daran vorbei, das Material zurueckzugeben. Es droht Matt} 34. Qxg4 Re8
(34... Qxg4 {bietet noch letzte Rettungschancen} 35. fxg4 35... Rd8 $18) 35.
Qh5 Re6 36. Rg1 Qxg1+ 37. Kxg1 Rxb6 38. Qxe5 Rg6+ 1-0

[Event "ICS unrated blitz match"]
[Site "204.178.125.65"]
[Date "1999.11.21"]
[Round "?"]
[White "Yobes"]
[Black "Hossa"]
[Result "1-0"]
[WhiteElo "1891"]
[BlackElo "2319"]
[Annotator "Hiarcs 7.32 (22s)"]
[PlyCount "55"]
[EventDate "1999.??.??"]

1. e4 1... c6 {Opening = B10 -(2.Nf3 d5 3.Nc3 ---)} 2. Bc4 d5 3. Bb3 dxe4 4.
Qh5 g6 (4... e6 5. Nc3 Nf6 6. Qh4 Be7 7. Nxe4 Nbd7 8. Nxf6+ Bxf6 9. Qh5 O-O 10.
Nf3 Qc7 11. O-O Rd8 12. d4 c5 13. Ng5 Nf8 14. dxc5 h6 15. Ne4 Be5 16. c3 Bd7
17. Be3 Bc6 18. Ng3 Rd7 19. Rad1 {
Wege,J-Schuster,B/Kassel op 1994/GER 08/0-1 (35)}) 5. Qh4 Nf6 6. f3 6... Nbd7
$146 (6... exf3 7. Nxf3 Bg7 8. d4 Qa5+ 9. c3 Bf5 10. Be3 Nbd7 11. O-O e6 12.
Nbd2 Nd5 13. Nc4 Qc7 14. Bh6 Bxh6 15. Qxh6 O-O-O 16. Nfe5 Nxe5 17. dxe5 f6 18.
Nd6+ Kb8 19. c4 Qb6+ 20. Kh1 Ne3 21. Nf7 {
Goettling,S-Haase,S/GER-chJI U20 Hamburg 1993/TD 93\05/0-1 (49)}) (6... Qb6 7.
Nc3 Bg7 8. fxe4 O-O 9. Nf3 Ng4 10. h3 Ne5 11. Nxe5 Bxe5 12. d3 Qc7 13. Ne2 a5
14. a3 a4 15. Ba2 Bf6 16. Qf2 Bg7 17. O-O Be6 18. Bf4 Qd7 19. Bxe6 Qxe6 20. c3
Qd7 21. d4 Na6 22. Qh4 Nc7 23. Rf3 Ra5 24. Raf1 Ne6 25. Bc1 Nd8 26. Ng3 e5 27.
dxe5 Rxe5 28. Bg5 Rb5 29. R3f2 Ne6 30. Bh6 30... g5 {
1/2-1/2 Schlenker,R-Stobik,D/BL2-S 1990/BL2 (30)}) 7. fxe4 Nc5 8. d3 Qa5+ 9.
Bd2 Qa6 10. Na3 10... Nxb3 {Schwarz verhindert die lange Rochade} 11. axb3 Bg7
12. Nf3 Ng4 13. Bc3 Bxc3+ 14. bxc3 Qa5 15. b4 15... Qh5 $16 (15... Qc7 16. O-O
$16) 16. Qxh5 gxh5 17. Nc4 a6 18. Nb6 Rb8 19. Ra5 Nf6 20. O-O Bg4 (20... Rg8
21. Re5 $16) 21. Nd4 Rg8 22. e5 Nd7 23. Nxd7 Bxd7 24. e6 fxe6 (24... Bxe6 25.
Nxe6 fxe6 26. Rxh5 $16) 25. Rxh5 Rg7 26. Rf4 e5 27. Rxe5 Rf7 (27... Rc8 28. Kf2
$18) 28. Rh4 (28. Rh4 Kf8 29. Nf3 $18) 1-0

[Event "ICS unrated blitz match"]
[Site "204.178.125.65"]
[Date "1999.11.21"]
[Round "?"]
[White "Yobes"]
[Black "Hossa"]
[Result "1-0"]
[WhiteElo "1891"]
[BlackElo "2319"]
[PlyCount "70"]
[EventDate "1999.??.??"]

1. e4 d6 2. d4 c5 3. d5 Nf6 4. Nc3 e5 5. Bg5 Nbd7 6. Bb5 a6 7. Be2 Be7 8. Qd3
b5 9. Nf3 c4 10. Qe3 O-O 11. O-O Nc5 12. Bxf6 Bxf6 13. b4 cxb3 14. axb3 Bd7 15.
b4 Na4 16. Nxa4 bxa4 17. c4 Qb8 18. Rfb1 Bd8 19. Bd1 f5 20. Bxa4 fxe4 21. Bxd7
exf3 22. Be6+ Kh8 23. gxf3 Rf6 24. c5 Rg6+ 25. Kh1 Rf6 26. Qd3 Qa7 27. Rc1 Be7
28. b5 dxc5 29. Rxa6 Qb8 30. Rca1 Rxa6 31. bxa6 Bd6 32. a7 Qa8 33. Qa6 Rxe6 34.
dxe6 g5 35. Kg1 35... Bf8 {Hossa resigns} 1-0

[Event "ICS unrated blitz match"]
[Site "204.178.125.65"]
[Date "1999.11.21"]
[Round "?"]
[White "Yobes"]
[Black "Hossa"]
[Result "1-0"]
[WhiteElo "1891"]
[BlackElo "2319"]
[Annotator "Hiarcs 7.32 (22s)"]
[PlyCount "37"]
[EventDate "1999.??.??"]

1. e4 1... d6 {Opening = B06 - 1.e4 g6} 2. d4 g6 3. Nc3 Bg7 4. f4 Nd7 5. Nf3 c6
6. Be3 (6. e5 d5 7. Be3 e6 8. Bd3 b6 9. Ne2 Ne7 10. c3 Bb7 11. O-O Nf5 12. Bf2
Bf8 13. g4 Nh6 14. h3 c5 15. Ng3 c4 16. Bc2 b5 17. Qd2 Ng8 18. f5 gxf5 19. gxf5
Bh6 20. Be3 20... Bxe3+ {Granda Zuniga,J-Laco,G/Forli op 1988/TD 88\10/1-0 (32)
}) 6... Qb6 (6... a6 7. Bd3 Qc7 8. O-O Ngf6 9. h3 O-O 10. Qd2 e5 11. fxe5 dxe5
12. d5 cxd5 13. exd5 Nc5 14. Bc4 Nfe4 15. Nxe4 Nxe4 16. Qb4 Nd6 17. Bb3 e4 18.
Bf4 Rd8 19. Nd4 a5 20. Qd2 a4 21. Nb5 Qb6+ 22. Nd4 axb3 23. Qe3 {
0-1 Bauer,M-Hess,C/Fredeburg 1995 (23)}) 7. Qc1 $146 (7. Rb1 f5 8. exf5 gxf5 9.
Ng5 Ndf6 10. Be2 h6 11. Bh5+ Kf8 12. Nf7 Rh7 13. Bg6 Be6 14. Ne5 dxe5 15. fxe5
Ng4 16. Bg1 Rh8 17. Qf3 Nxe5 18. dxe5 Qa5 19. Bd4 Bxe5 20. b4 Qc7 21. Bxf5 Bxd4
22. Bxe6+ Nf6 23. Ne2 Qe5 24. Bb3 Rd8 25. Rd1 25... Ke8 {
1/2-1/2 Kraut,R-Sokolov,A/BL2-S 1994/BL2 (25)}) 7... Ngf6 8. Bd3 d5 9. e5 Ng4
10. Bd2 Nh6 11. O-O O-O 12. b3 Qc7 13. a4 13... f6 {Befestigt g5} 14. Qa3 e6
15. Rae1 c5 16. exf6 Rxf6 17. Nb5 Qc6 18. dxc5 18... Ng4 $4 $18 {
verschlechtert die Stellung weiter} (18... Qxc5+ $142 19. Qxc5 19... Nxc5 $16)
19. Nfd4 (19. Nfd4 Qxc5 20. Bb4 $18) 1-0

[Event "ICS Rated standard match"]
[Site "204.178.125.65"]
[Date "1999.11.21"]
[Round "?"]
[White "star"]
[Black "Hossa"]
[Result "1-0"]
[WhiteElo "2421"]
[BlackElo "2326"]
[PlyCount "167"]
[EventDate "1999.??.??"]

1. e4 d6 2. d4 g6 3. Nf3 Nf6 4. Nc3 Bg7 5. Bd3 Nc6 6. d5 Nb4 7. Be2 e5 8. O-O
O-O 9. a3 Na6 10. Bxa6 bxa6 11. Qd3 Nh5 12. Bg5 f6 13. Be3 f5 14. Bg5 Qe8 15.
Qc4 fxe4 16. Nd2 Qd7 17. Ndxe4 Rb8 18. Rab1 Nf4 19. Rfe1 Rf5 20. Bh4 Rf7 21.
Bg3 Qf5 22. Nd1 Bb7 23. Ne3 Qh5 24. Rbd1 Bh6 25. b3 Kh8 26. Nc3 Rbf8 27. b4 Rb8
28. a4 Kg8 29. a5 Rbf8 30. Ne4 Rd8 31. Ra1 Bc8 32. Nc3 Bb7 33. Rab1 Rc8 34. Ne4
Kh8 35. Rbd1 Rb8 36. Ra1 Rbf8 37. Ra2 Bc8 38. Ra3 Re7 39. Rc3 Bg7 40. f3 Bb7
41. Rf1 Rd7 42. Rb3 Rdf7 43. Re1 Bh6 44. Rc3 Re7 45. Rf1 Rd7 46. b5 axb5 47.
Qxb5 Bc8 48. Re1 Kg7 49. Nf1 a6 50. Qb3 Qf5 51. Ne3 Qf7 52. Bh4 Qe8 53. Ng4 g5
54. Bg3 Ng6 55. Ne3 Kg8 56. Qb8 Qd8 57. Qb4 Ne7 58. Bf2 Nf5 59. Nxf5 Rxf5 60.
Be3 Kg7 61. Ng3 Rf8 62. Rc6 Qe8 63. Ne4 Qf7 64. Qb3 Qe7 65. h3 Qd8 66. Rb1 Qe7
67. Qc3 Re8 68. Rb8 Rf8 69. Bb6 cxb6 70. Rcxc8 Kg6 71. axb6 Rxc8 72. Rxc8 Kf7
73. Qc6 g4 74. Rc7 Kg8 75. Rxd7 Qh4 76. Qc8+ Bf8 77. b7 Qh6 78. b8=Q Qe3+ 79.
Kf1 Qc1+ 80. Kf2 g3+ 81. Ke2 Qxc2+ 82. Qxc2 a5 83. Nf6+ Kh8 84. Rxh7# {
Hossa checkmated} 1-0

[Event "ICS unrated blitz match"]
[Site "204.178.125.65"]
[Date "1999.11.21"]
[Round "?"]
[White "Hossa"]
[Black "Moron"]
[Result "0-1"]
[WhiteElo "2319"]
[BlackElo "2778"]
[PlyCount "118"]
[EventDate "1999.??.??"]

1. e4 c5 2. Nf3 e6 3. d4 cxd4 4. Nxd4 Nc6 5. Nc3 a6 6. g3 Qc7 7. Bg2 Nf6 8. O-O
Be7 9. Be3 O-O 10. Qd2 Ne5 11. Rad1 d6 12. Qe2 Bd7 13. f4 Nc4 14. Bc1 Rac8 15.
Rd3 e5 16. Nb3 Bg4 17. Qf2 b5 18. a4 Bh5 19. axb5 Ng4 20. Qe2 Nf6 21. Qe1 axb5
22. Nd5 Nxd5 23. Rxd5 Qb6+ 24. Qf2 Qb7 25. Nd2 f6 26. Nxc4 bxc4 27. Qe3 Ra8 28.
fxe5 fxe5 29. Rxf8+ Rxf8 30. Rd2 c3 31. bxc3 Qb1 32. Rf2 Rxf2 33. Kxf2 Bd8 34.
Qd2 Bb6+ 35. Kf1 Bc5 36. Bh3 Bg6 37. Bg2 Kh8 38. Ke2 Bh5+ 39. Bf3 Bf7 40. Bg2
Bc4+ 41. Kf3 Qb8 42. Kg4 Qf8 43. Qg5 Be6+ 44. Kh4 Bb6 45. Bh3 h6 46. Bxe6 hxg5+
47. Bxg5 Qf2 48. Bd5 Qxh2+ 49. Kg4 g6 50. Bh4 Qe2+ 51. Kh3 Qf1+ 52. Kg4 Qd1+
53. Kh3 Qh1+ 54. Kg4 Bd8 55. Bf7 Kg7 56. Be8 Bxh4 57. Bxg6 Kxg6 58. c4 Bf6 59.
c5 59... Qh5# {Hossa checkmated} 0-1

[Event "ICS rated blitz match"]
[Site "204.178.125.65"]
[Date "1999.11.21"]
[Round "?"]
[White "Amateur"]
[Black "Hossa"]
[Result "1-0"]
[WhiteElo "2539"]
[BlackElo "2319"]
[PlyCount "73"]
[EventDate "1999.??.??"]

1. e4 c5 2. Nf3 e6 3. d4 cxd4 4. Nxd4 Nc6 5. Nb5 d6 6. Bf4 e5 7. Be3 Nf6 8. Bg5
h6 9. Bxf6 gxf6 10. N1a3 a6 11. Nc3 f5 12. Qh5 fxe4 13. Bc4 Rh7 14. Nxe4 Rg7
15. h3 Rg6 16. O-O-O Nb4 17. c3 b5 18. Bb3 Qc7 19. Qf3 Bb7 20. Kb1 Bxe4+ 21.
Qxe4 Nc6 22. g3 Rc8 23. Qf5 Rg7 24. Nc2 b4 25. Nxb4 Nxb4 26. cxb4 Rb8 27. Ba4+
Ke7 28. Rc1 Qa7 29. f4 Rxg3 30. fxe5 Kd8 31. exd6 Bxd6 32. Rhe1 Rc3 33. Rxc3
Qe7 34. Qa5+ Rb6 35. Qxb6+ Bc7 36. Qxc7+ Qxc7 37. Re8# {Hossa checkmated} 1-0

[Event "ICS rated blitz match"]
[Site "204.178.125.65"]
[Date "1999.11.21"]
[Round "?"]
[White "Hossa"]
[Black "Amateur"]
[Result "0-1"]
[WhiteElo "2312"]
[BlackElo "2546"]
[Annotator "Steffen A. Jakob"]
[PlyCount "166"]
[EventDate "1999.??.??"]

1. e4 e5 2. f4 exf4 3. Nf3 Nf6 (3... g5 4. Bc4 g4 5. O-O gxf3 6. Qxf3 Qf6 7. e5
{RR} 7... Qxe5 8. Bxf7+ Kxf7 9. d4 Qxd4+ 10. Be3 Qg7 11. Bxf4 Nf6 12. Be5 Be7
13. Nc3 d6 14. Bxf6 Bxf6 15. Nd5 Bg4 16. Qb3 Be6 17. Rae1 Re8 18. Nxf6 Bxb3 19.
Nxe8+ Kg6 20. Nxg7 Kxg7 21. Re7+ Kg6 22. cxb3 Na6 23. g4 Rg8 24. h4 h6 25. Rff7
d5 26. Kg2 Nc5 27. h5+ Kg5 28. Kg3 Ne4+ 29. Rxe4 dxe4 30. Rf5# {
1-0 Grabics,M-Andras,I/HUN-chT 1994/TD 94\03 (30)}) 4. e5 Nh5 5. Bb5 $146 ({RR
} 5. Be2 5... g5 ({RR} 5... d5 6. O-O Bg4 7. d4 g5 8. c4 dxc4 9. Bxc4 Bxf3 10.
Rxf3 Nc6 11. Rd3 Ng7 12. Qb3 Qd7 13. Bxf7+ Kd8 14. Bc4 Na5 15. Qc3 Nxc4 16.
Qxc4 h5 17. Nc3 Be7 18. Bd2 Rf8 19. d5 Nf5 20. Ne4 Nh4 21. d6 cxd6 22. Nxd6 Qg4
23. Nf5+ {1-0 Chow,A-Reverby,M/New York op 1993/TD 93\03 (23)}) ({RR} 5... g6
6. O-O Bg7 7. Ne1 Bxe5 8. Bxh5 gxh5 9. d4 Bf6 10. Bxf4 d5 11. h3 Be6 12. Bxc7
Qxc7 13. Rxf6 Nd7 14. Rf3 Rg8 15. Na3 h4 16. Rc3 Qf4 17. Nb5 Ke7 18. Rf3 Qe4
19. Qd2 a5 20. Rf4 Qg6 21. Rxh4 Rac8 22. Nc3 Nf6 23. Nd3 b5 24. a3 Rg7 25. Re1
Rcg8 26. Nf4 Qg5 27. Qf2 b4 28. axb4 axb4 29. Re5 bxc3 30. Rxg5 Rxg5 31. bxc3
Ne4 32. Qe1 Rc8 33. Rxh7 Rxc3 34. h4 Rgg3 35. Qb1 Rg4 36. Qb7+ Kd6 37. Qxf7 {
1-0 Grabics,M-Krupkova,P/Timisoara ztW-A 1993/TD 93\02 (37)}) 6. O-O Ng7 7. d4
d5 8. c4 c6 9. Nc3 (9. cxd5 cxd5 10. Nc3 g4 11. Ne1 $16) 9... Bb4 10. cxd5 Bxc3
11. bxc3 cxd5 12. Ba3 {
1/2-1/2 Metz,H-Herbrechtsmeier,C/Mannheim BM 1990/GER 04 (12)}) 5... a6 $146 6.
Bc4 d5 7. exd6 Bxd6 8. O-O $146 8... Nc6 9. Re1+ Be7 10. Nc3 O-O 11. Nd5 Bf6
12. Nxf6+ Qxf6 13. d4 Bg4 14. c3 Rae8 15. Rf1 Re7 16. Bd2 Rfe8 17. Rf2 Na5 18.
Bd3 Nc6 19. Bc4 Rd8 20. Qf1 Rdd7 21. Ne1 Na5 22. Bd3 c5 23. dxc5 Qe5 24. b4 Nc6
25. Nf3 Qd5 26. Bc4 Qf5 27. Rd1 Nf6 28. h3 Bh5 29. Bc1 Rxd1 30. Qxd1 Ne4 31.
Qd3 Bg6 32. Re2 Qc8 33. Bxf4 Ng3 34. Qd2 Nxe2+ 35. Bxe2 Bh5 36. Bd6 Re8 37. g4
Bxg4 38. hxg4 Qxg4+ 39. Kf2 h6 40. Nd4 Qh4+ 41. Bg3 Qf6+ 42. Qf4 Qe7 43. Qf3
Nxd4 44. cxd4 Qd8 45. d5 Qg5 46. d6 Qd2 47. a3 a5 48. Qd3 Qg5 49. Bf3 axb4 50.
axb4 Ra8 51. Bxb7 Ra2+ 52. Kf3 Qh5+ 53. Ke3 Qg4 54. Bf4 Qg1+ 55. Ke4 Qe1+ 56.
Kf3 Rf2+ 57. Kg4 h5+ 58. Kh3 Rxf4 59. Qg3 Qe6+ 60. Kh2 Rxb4 61. Bg2 Rg4 62. Qf3
Qe5+ 63. Kh1 Qxc5 64. d7 Rd4 65. Qa8+ Qf8 66. Qc8 g5 67. Bf3 h4 68. Qe8 Rd6 69.
Qe5 f5 70. Qe3 Qf6 71. Ba8 Kh7 72. Be4 fxe4 73. Qxe4+ Kh6 74. d8=Q Qxd8 75. Qf3
Rd1+ 76. Kg2 Rd2+ 77. Kf1 Rc2 78. Qf2 Qd1+ 79. Kg2 Qg4+ 80. Kf1 Rc1+ 81. Qe1
Qf3+ 82. Kg1 Rxe1+ 83. Kh2 83... Rh1# {Hossa checkmated} 0-1

[Event "ICS rated blitz match"]
[Site "204.178.125.65"]
[Date "1999.11.21"]
[Round "?"]
[White "Amateur"]
[Black "Hossa"]
[Result "0-1"]
[WhiteElo "2553"]
[BlackElo "2305"]
[PlyCount "176"]
[EventDate "1999.??.??"]

1. e4 e5 2. Nf3 Nc6 3. Bb5 d6 4. d4 a6 5. Bxc6+ bxc6 6. dxe5 Qe7 7. Qd4 Bg4 8.
Bf4 f6 9. exd6 cxd6 10. Nbd2 d5 11. Qb6 Bd7 12. O-O Qb4 13. Qxb4 Bxb4 14. exd5
cxd5 15. Rfe1+ Ne7 16. c3 g5 17. Bg3 Bc5 18. Nb3 Bb6 19. Bd6 Bd8 20. Nc5 Bg4
21. Nd4 Kf7 22. Nb7 Nc8 23. Bg3 Bb6 24. Nc6 Re8 25. Rxe8 Kxe8 26. Re1+ Kd7 27.
Nb4 Be6 28. c4 dxc4 29. Rd1+ Ke7 30. Nc6+ Kf8 31. Rd2 h5 32. h3 Kg7 33. a3 Bf5
34. Re2 a5 35. Re1 Bd7 36. Nbd8 h4 37. Bh2 Kh6 38. Rd1 Bf5 39. Nb8 Bc2 40. Rd2
Bd3 41. Ndc6 Na7 42. Ne7 Bc5 43. Nd5 Kg6 44. Nd7 Bd4 45. Nc7 Rd8 46. Ne6 Re8
47. Nef8+ Kf7 48. Bc7 Nc6 49. Kh2 Rxf8 50. Nxf8 Kxf8 51. Kg1 a4 52. Bd6+ Kf7
53. Bc7 Ke6 54. Kh1 f5 55. g3 hxg3 56. Bxg3 Ne5 57. Bxe5 Kxe5 58. Kh2 Kf4 59.
Kg2 Be5 60. h4 gxh4 61. Kh3 Kg5 62. f4+ Bxf4 63. Rd1 Be2 64. Re1 Bg4+ 65. Kg2
h3+ 66. Kf2 h2 67. Kg2 Kh4 68. Re7 Bf3+ 69. Kxf3 h1=Q+ 70. Kxf4 Qf1+ 71. Ke5
Qe2+ 72. Kd6 Qxb2 73. Rh7+ Kg5 74. Rf7 c3 75. Rg7+ Kf6 76. Rc7 Qh2+ 77. Kd7
Qxc7+ 78. Kxc7 c2 79. Kc6 c1=Q+ 80. Kb5 f4 81. Kxa4 Qc3 82. Kb5 Qxa3 83. Kc4
Ke7 84. Kd4 f3 85. Ke4 f2 86. Kf4 f1=Q+ 87. Kg4 Kf6 88. Kh4 88... Qah3# {
Amateur checkmated} 0-1

[Event "ICS rated blitz match"]
[Site "204.178.125.65"]
[Date "1999.11.21"]
[Round "?"]
[White "Hossa"]
[Black "Amateur"]
[Result "0-1"]
[WhiteElo "2331"]
[BlackElo "2527"]
[Annotator "Hiarcs 7.32 (22s)"]
[PlyCount "128"]
[EventDate "1999.??.??"]

1. e4 1... c5 {Opening = B32 - 3.d4 (cd4 4.Nd4 ---)} 2. Nf3 Nc6 3. d4 cxd4 4.
Nxd4 Qb6 5. Nxc6 dxc6 (5... bxc6 6. Nc3 (6. b3 Nf6 7. Bd3 e6 8. Bb2 Be7 9. Nd2
d5 10. O-O O-O 11. exd5 cxd5 12. Nf3 Ba6 13. h3 Rac8 14. Rc1 Ne4 15. Bxa6 Qxa6
16. a4 Nc3 17. Bxc3 Rxc3 18. Qd2 Rfc8 19. Nd4 Bf6 20. Nb5 20... R3c6 {
Gaudron,F-Markova,K/WchJW-U12 St.Lorenzo 1995/JUN 95/1/2-1/2 (69)}) 6... d6 7.
Bd3 Nf6 8. O-O e6 9. Ne2 Be7 10. Ng3 O-O 11. b3 a5 12. Bb2 a4 13. e5 dxe5 14.
Bxe5 Ba6 15. c4 Rfd8 16. Qc2 axb3 17. axb3 h6 18. h3 Bb7 19. Rxa8 Bxa8 20. Ra1
{Perenyi,B-Gruenberg,H/Leipzig 1988/CBM 07/0-1 (56)}) 6. Bd3 $146 (6. Nc3 e5 7.
Bd3 Nf6 8. h3 Be6 9. O-O Be7 10. Kh1 g6 11. Qe1 Nh5 12. Be3 Qc7 13. Ne2 g5 14.
c3 Bxh3 15. gxh3 Qd7 16. Kh2 Qxd3 17. Ng3 Nxg3 18. fxg3 O-O 19. Bf2 Rfd8 20.
Bg1 20... a6 {
Atlaska,A-Erenska Radzewska,H/POL-chT Lubniewice 1993/TD 93\08/0-1 (36)}) 6...
Nf6 7. Nd2 Be6 8. Qe2 O-O-O 9. Nc4 Bxc4 10. Bxc4 10... e6 {Kontrolliert d5} 11.
O-O Bc5 12. e5 Nd5 13. Rd1 Nc7 14. Rxd8+ Rxd8 15. c3 Nd5 16. Bd3 16... h6 {
Sichert g5} 17. Rb1 Rd7 18. Bd2 Ne7 19. Be1 Qd8 20. Bc4 20... Bb6 $11 (20...
Ng6 $5 $17 $142) 21. b4 Ng6 22. b5 22... cxb5 $1 {haelt den Vorteil fest} 23.
Rxb5 Nf4 24. Qf1 Qc7 25. Kh1 25... Ba5 {Schwarz erhaelt starke Initiative} 26.
Bb3 Nd3 27. Ba4 27... Nxe1 $1 {logisch und kraftvoll} 28. Qxe1 Bxc3 29. Qc1
29... Rd2 $1 {die Entscheidung} 30. Rb3 30... Ba5 {Es droht Matt} 31. Rb1 31...
Rxa2 {Der Freibauer a7 wird eine wichtige Rolle spielen} (31... Rxf2 {
ginge schneller} 32. Qa3 Qc4 33. Bb5 $19) 32. Bb3 Rxf2 33. Qg1 33... Bb6 $1 {
kraeftig gespielt} 34. Rc1 Bc5 35. Bd1 Kb8 36. Qxf2 36... Bxf2 {
Mit der Mattdrohung Qxc1} 37. Rxc7 Kxc7 38. Bh5 38... g6 $1 {glaenzend gespielt
} 39. Be2 Bd4 40. Bb5 Kd8 41. Bd3 a5 42. Bb5 Bxe5 43. h3 Bd4 44. Kh2 f5 45. Kg3
e5 46. Kh2 e4 47. Kh1 f4 48. h4 g5 (48... e3 $5 $142 {ist genauer} 49. h5 g5
50. Kh2 $19) 49. hxg5 hxg5 50. Be2 a4 51. Kh2 a3 52. Bc4 52... b5 $1 {
das war die Absicht} 53. Ba2 53... e3 $1 {macht alles klar. Droht Matt: g4} 54.
Kh3 e2 55. Kg4 e1=Q 56. Bf7 Qe2+ (56... Qg3+ $5 $142 {
gibt noch groesseren Vorteil} 57. Kf5 Qxg2 58. Be6 $19) 57. Kf5 Qxg2 58. Kg6
58... Qc6+ $1 {
ein laestiges Schach. Schwarz entwickelt eine toedliche Initiative} 59. Kh5 f3
60. Ba2 60... f2 {Es droht Matt} 61. Bc4 61... bxc4 {Droht Matt} 62. Kg4 f1=Q (
62... Qg6 63. Kf3 Qf5+ 64. Kg2 a2 65. Kh2 Qf4+ 66. Kh1 f1=Q#) 63. Kxg5 Qcg2+
64. Kh5 Qfh1# 0-1

[Event "ICS unrated blitz match"]
[Site "204.178.125.65"]
[Date "1999.11.21"]
[Round "?"]
[White "Moron"]
[Black "Hossa"]
[Result "1-0"]
[WhiteElo "2765"]
[BlackElo "2323"]
[Annotator "Hiarcs 7.32 (22s)"]
[PlyCount "87"]
[EventDate "1999.??.??"]

1. e4 1... e5 {Opening = C73 - 5.Bc6 bc6 6.d4} 2. Nf3 Nc6 3. Bb5 d6 4. d4 a6 5.
Bxc6+ bxc6 6. dxe5 Qe7 7. Qd4 $146 (7. Bg5 f6 8. Bd2 dxe5 9. O-O Bb7 10. Re1
O-O-O 11. Qe2 Nh6 12. h3 g6 13. Be3 Qb4 14. c4 c5 15. Nc3 Nf7 16. a3 Qb6 17.
Qc2 Nd6 18. b3 Bc6 19. Nd5 Bxd5 20. cxd5 20... Nb5 {
1/2-1/2 Da Luz,M-Orosso,R/Novi Sad 1990/EXT 90 (20)}) 7... Bg4 8. Bf4 f6 (8...
Rb8 9. Nbd2 $18) 9. exd6 cxd6 10. Nc3 Rb8 11. O-O-O Qb7 12. b3 Rd8 13. Rhe1 Be7
14. Qa4 Rd7 15. Rd3 Kf7 (15... g5 16. Bg3 $18) 16. Nd4 c5 (16... g5 17. Bg3 c5
18. Nc6 $18) 17. Nc6 Bf8 18. Na5 Qb4 19. Qxb4 cxb4 20. Nd5 f5 21. exf5 Bxf5 22.
Rde3 Nf6 23. Nxb4 Ng4 24. R3e2 d5 25. Nbc6 Ba3+ 26. Kb1 Bd6 (26... d4 {
ist der letzte Rettungsanker} 27. Nc4 $1 {huebsch} 27... d3 28. N6e5+ Nxe5 29.
Nxe5+ Kg8 30. Nxd3 30... h6 $18) 27. f3 Nf6 (27... Nh6 {hilft auch nicht mehr}
28. Bxd6 Rxd6 29. g4 $18) 28. Bxd6 Rxd6 29. Re7+ Kf8 30. Ra7 Bd7 31. Rxa6 Ne8 (
31... Be8 {aendert nichts am Ausgang der Partie} 32. Ra8 $18) 32. Rb6 Rf6 33.
Re5 Rg6 34. Rxd5 Be6 (34... Nf6 {waere gleichermassen fruchtlos} 35. Rb8+ Be8
36. Rd2 $18) 35. Rd2 Bf7 36. Rb7 Rh6 (36... Rg5 {
kann das Vorangegangene nicht ungeschehen machen} 37. c4 $18) 37. Rdd7 Bg8 38.
Ne5 Rxh2 (38... Rd6 $18 {wuerde die Partie noch etwas verlaengern}) 39. Nac6
Rh1+ 40. Kb2 Rb1+ 41. Kxb1 Be6 (41... Nc7 {
aendert den traurigen Lauf der Dinge nicht} 42. Rb8+ Ne8 43. Rxe8+ Kxe8 44.
Rd8#) 42. Rf7+ Bxf7 43. Rxf7+ Kg8 44. Ne7# 1-0

[Event "ICS Rated standard match"]
[Site "204.178.125.65"]
[Date "1999.11.21"]
[Round "?"]
[White "Hossa"]
[Black "Very-Weak"]
[Result "0-1"]
[WhiteElo "2314"]
[BlackElo "2631"]
[Annotator "Hiarcs 7.32 (22s)"]
[PlyCount "72"]
[EventDate "1999.??.??"]

1. e4 1... e5 {Opening = C68 - 3.Bb5 a6 4.Bc6(dc6 5.0-0 ---)} 2. Nf3 Nc6 3. Bb5
a6 4. Bxc6 bxc6 5. Nc3 d6 6. d4 6... exd4 $146 (6... Bg4 7. dxe5 Bxf3 8. Qxf3
dxe5 9. Be3 Bb4 10. O-O Bxc3 11. bxc3 Qf6 12. Qxf6 Nxf6 13. f3 {
1/2-1/2 Kozlowski,J-Schneider,J/RLPF-chJW U15 Wolfstein 1994/GER 09 (13)}) 7.
Qxd4 Bg4 8. Bg5 Qb8 9. b4 h6 10. Bd2 Nf6 11. e5 dxe5 12. Qxe5+ Be6 13. Nd4 Bd6
14. Qe2 O-O 15. Nxc6 Qb6 16. b5 Ng4 17. f3 axb5 18. fxg4 Rfe8 19. Kd1 Qxc6 20.
Qf3 Qd7 21. h3 Be5 22. Rb1 22... Rad8 {Es droht Matt} 23. Qe3 23... Bf6 $1 {
das wars} 24. Ne4 24... Bxg4+ $1 {nicht am Material kleben ist die Devise} 25.
hxg4 25... Rxe4 $1 {entscheidend. Droht Matt} 26. Kc1 26... Rxe3 {
Droht Matt: Qxd2} 27. Bxe3 27... Qe7 {Droht Matt} 28. Rb3 28... Qe5 $1 {
triumphiert. Mit der Mattdrohung Qa1} 29. Bd4 Qxd4 30. c3 Qe3+ 31. Kb1 31...
Bxc3 $1 {zwingend und schoen} 32. Rxc3 Qxc3 33. Rc1 Qb4+ 34. Ka1 Rd2 35. Rb1
Qc3+ 36. Rb2 Qxb2# 0-1